Estado nacional y sociedad en Costa Rica (1821-1930)

সংরক্ষণ করুন:
গ্রন্থ-পঞ্জীর বিবরন
প্রধান লেখক: Vega Carballo, José Luis
বিন্যাস: পাঠ‍্য
প্রকাশিত: San Pedro de M. de O.: UCR. IIS
ট্যাগগুলো: ট্যাগ যুক্ত করুন
কোনো ট্যাগ নেই, প্রথমজন হিসাবে ট্যাগ করুন!

MARC

LEADER 00000 a a2200000 04500
001 19183
003
040
090 |a 019000  
100 |a Vega Carballo, José Luis  
245 |a Estado nacional y sociedad en Costa Rica (1821-1930)  
260 |a San Pedro de M. de O.:   |b UCR. IIS  
300 |a 58 p.  
999 |c 16281  |d 16281